000 00345nam a22001457a 4500
999 _c263203
_d263202
003 OSt
005 20240305144301.0
008 240305b xxu||||| |||| 00| 0 eng d
020 _a9780545670517
040 _cN/A
100 _aAlexander Vance
245 _aThe Heartbreak Messenger
260 _aNew York
_bScholastic
_c2013
942 _2lcc
_cBK